01293nam a2200277 a 4500001001000000005001700010008004100027041000800068044000700076084002000083100004500103245008500148260005200233300002400285500009800309500021400407500007100621500005200692500001000744546002400754650005200778650005600830650003400886650004500920740005000965BRCA_284120190320204008.0091208s1683----gw-a---###---#000-0#ger-u ager agw a266b.L83c16831 aCervantes Saavedra, Miguel ded1547-161610aDon Quixote Von Mancha, Abentheurliche GeschichtecMiguel de Cervantes Saavedra. aBasel : FranckfurtbJohann Ludwig Du Fourc1683 a741 p.bil.c19 cm. aContenido : Primera parte. Dedicatoria y prólogo del traductor. Texto. Segunda parte. Texto aReimpresión de la primera traducción alemana completa, publicada el año anterior por el mismo editor, basada en la edición castellana de Amberes (1673), cuyas láminas reproduce. Piel Lúdovik Osterc aEstado físico : Corte en la parte inferior derecha de la portada aCon ex-libris de : Hammer Stockholm. D.G. -V.B. aQM495 aTexto en : alemán14aNovela españolayÉpoca clásica, 1500-170014aLiteratura españolayÉpoca clásica, 1500-170014aNovela españolaySiglo XVII14aDon Quijote (Personaje ficticio)eNovela0 aEl Ingenioso Hidalgo Don Quijote de la Mancha